Biblioteka Instytutu Północnego w Olsztynie

Zajęcia pozalekcyjne w dokumentach Kuratorium Okręgu Szkolnego Wileńskiego w latach 1932-1939 / (Rekord nr 27400)

Szczegóły MARC
000 -Nagłówek
fixed length control field 01532nam a22004217a 4500
003 - Siglum bibl., której nr kontr. jest w 001
control field OLSZT 008
005 - Data i czas ostatniej operacji
control field 20260331232238.0
008 - Elementy pola stałej długości
fixed length control field 260331s2010 pl 2 000 0 pol d
040 ## - Instytucja sporządzająca opis
Instytucja, która sporządziła opis OLSZT 008/bak
język katalgowania-trzyzn. kod pol
zasady opisu rda
Instytucja, która sporządziła rekord OLSZT 008/bak
045 2# - Okres czasu dla zawartości
czas między r. 9999 pne a nasz. czas. d1932
-- d1939
046 ## - Kod rodz. daty, data1, data2 (daty pne)
Begin/single date 2010
100 1# - Hasło główne-nazwa osobowa
Nazwa osobowa Gąsiorowski, Andrzej
Daty biograficzne (1935- ).
rodzaj współpracy Autor
9 (RLIN) 19377
245 10 - Tytuł właściwy i oznaczenie odpow.
tytuł Zajęcia pozalekcyjne w dokumentach Kuratorium Okręgu Szkolnego Wileńskiego w latach 1932-1939 /
dod. inf. ze s. tyt./ozn. odpow. Andrzej Gąsiorowski.
260 ## - Adres wydawniczy
miejsce wydania, dystrybucji itp. Kielce :
nazwa wydawcy, dystrybutora itp. Wydawnictwo Pedagogiczne ZNP.
data wydania, dystrybucji itp. 2010.
300 ## - Opis fizyczny
objętość i/lub forma materiału Strony [118]-145 ;
format 21 cm.
336 ## - Content Type
Term Text
Code txt
Source rdacontent
337 ## - Media Type
Term Bez urządzenia pośredniczącego
Code n
Source rdamedia
338 ## - Carrier Type
Term Wolumin
Code nc
Source rdacarrier
380 ## - Form of work
Form of work Książki
380 ## - Form of work
Form of work Publikacje naukowe
388 1# - TIME PERIOD OF CREATION
Time period of creation term 2001-
500 ## - Uwaga ogólna
uwaga ogólna Odbitka z: Przegląd Historyczno-Oświatowy, nr 1-2, 2010.
500 ## - Uwaga ogólna
uwaga ogólna Adres wydawniczy zgodny ze źródłem odbitki.
610 27 - Hasło przedmiotowe-nazwa ciała zbior.
nazwa ciała zbior. lub geogr. Kuratorium Okręgu Szkolnego Wileńskiego
źródło hasła DBN
9 (RLIN) 39367
648 #7 - SUBJECT ADDED ENTRY--CHRONOLOGICAL TERM
Chronological term 1901-2000
648 ## - SUBJECT ADDED ENTRY--CHRONOLOGICAL TERM
Chronological term 1918-1939
650 #7 - Hasło przedmiotowe-nazwa pospolita
nazwa pospolita lub geogr. Praca pozalekcyjna
źródło hasła DBN
9 (RLIN) 39363
650 #7 - Hasło przedmiotowe-nazwa pospolita
nazwa pospolita lub geogr. Wychowanie pozaszkolne
źródło hasła DBN
9 (RLIN) 39368
651 #7 - Hasło przedmiotowe-nazwa geogr.
nazwa geograficzna Litwa
źródło hasła DBN
9 (RLIN) 35756
651 #7 - Hasło przedmiotowe-nazwa geogr.
nazwa geograficzna Polska
źródło hasła DBN
9 (RLIN) 35076
655 #7 - Termin określający rodzaj/formę
rodzaj/forma Artykuł z czasopisma naukowego
źródło terminu DBN
9 (RLIN) 36020
658 #7 - Nazwa określająca cel programu nauczania
główny cel programu nauczania Edukacja i pedagogika
9 (RLIN) 35185
658 #7 - Nazwa określająca cel programu nauczania
główny cel programu nauczania Historia
9 (RLIN) 35177
710 2# - Hasło dodatkowe - nazwa ciała zbior.
nazwa ciała zbior. lub nazwa geogr. Wydawnictwo Pedagogiczne ZNP.
rodzaj współpracy Wydawca
kod rodzaju współpracy pbl
9 (RLIN) 39366
942 ## - ADDED ENTRY ELEMENTS (KOHA)
Source of classification or shelving scheme Dewey Decimal Classification
Koha item type pozycje dostępne na miejscu
Egzemplarze
Status wycofania Status zagubienia Klasyfikacja Status uszkodzenia Blokada wypożyczeń Kolekcja Lokalizacja macierzysta Lokalizacja bieżąca Data nabycia Numer akcesji Źródło akcesji Cena Nr inwentarzowy il. wypożyczeń Sygnatura Kod kreskowy Date last seen Price effective from Typ egz.
    Dewey Decimal Classification nieuszkodzona   książka w magazynie Biblioteka Instytutu Północnego w Olsztynie Biblioteka Instytutu Północnego w Olsztynie 08/11/2019 D-36/2019 dar 2.80 59819   59819 IPWK21518 31/03/2026 31/03/2026 pozycje dostępne na miejscu
Biblioteka Instytutu Północnego, ul. Partyzantów 87, 10-402 Olsztyn, email: biblioteka(at)ip.olsztyn.pl